Pays par pourcentage au quiz Pays du Monde - Statistiques

Statistiques générales
  • Ce quiz a été pris 235 fois
  • Le résultat moyen est 42 sur 77
Statistiques - réponses
Pourcentage 1ere lettre Continent Réponse % Correct
98% F Europe France
100%
96% E Europe Espagne
99%
95% A Europe Allemagne
96%
94% M Am. Nord Mexique
96%
93% J Asie Japon
95%
92% I Asie Inde
93%
91% S Europe Suisse
90%
89% B Europe Belgique
89%
88% S Europe Suède
88%
80% R(C) Afrique République du Congo
82%
86% N Europe Norvège
78%
79% D Europe Danemark
76%
87% E Afrique Égypte
73%
83% C Am. Sud Chili
72%
77% U Europe Ukraine
70%
67% M Afrique Mali
64%
76% C Am. Nord Cuba
62%
85% T Asie Turquie
62%
68% U Am. Sud Uruguay
60%
64% H Europe Hongrie
59%
72% R Europe Roumanie
59%
66% B Am. Sud Bolivie
58%
52% G Afrique Guinée
57%
45% Q Asie Qatar
57%
74% A Europe Autriche
56%
69% E Europe Estonie
56%
75% M Asie Mongolie
56%
63% N Afrique Niger
56%
51% K Afrique Kenya
55%
84% M Afrique Madagascar
55%
44% V Europe Vatican
55%
82% P Europe Pays-Bas
53%
57% S Afrique Soudan
53%
37% G Afrique Gabon
50%
71% I Asie Irak
49%
40% K Europe Kosovo
49%
46% M Asie Malaisie
49%
54% N Afrique Nigeria
49%
60% B Europe Biélorussie
48%
36% R Afrique Rwanda
48%
31% F Océanie Fidji
47%
65% L Afrique Libye
47%
41% T Asie Taïwan
47%
15% P Océanie Palaos
46%
56% S Afrique Somalie
46%
24% E (S) Afrique Eswatini
45%
16% K Océanie Kiribati
44%
39% N Am. Nord Nicaragua
44%
30% T Asie Tadjikistan
44%
73% A Asie Arabie Saoudite
43%
35% A Asie Azerbaïdjan
43%
55% P Am. Nord Panama
43%
43% A Afrique Angola
42%
50% C Asie Cambodge
42%
53% H Am. Nord Haïti
42%
47% M Europe Monaco
42%
34% R(C) Afrique République Centrafricaine
42%
17% T Océanie Tuvalu
42%
33% B Am. Nord Belize
41%
42% P Océanie Papouasie-Nouvelle-Guinée
41%
62% S Afrique Sénégal
41%
20% T Océanie Tonga
41%
38% B Afrique Bénin
39%
25% M Afrique Malawi
39%
19% S Océanie Samoa
39%
29% D Afrique Djibouti
38%
23% D Am. Nord Dominique
38%
59% S Asie Syrie
38%
48% E Asie Émirats Arabes Unis
36%
18% G Am. Nord Grenade
36%
32% S Asie Singapour
36%
26% G Afrique Gambie
35%
21% T Am. Nord Trinité et Tobago
35%
28% M Asie Maldives
34%
22% B Asie Bahreïn
31%
27% C Afrique Comores
29%
49% C Asie Chypre
26%
Aucun quiz correspondant
Distribution des résultats
% des personnes avec chaque résultat
Percentile par nombre de réponses
Votre historique - résultats
Vous n’avez pas pris ce quiz